Libro de las mil y una noches

Uloženo v:
Podrobná bibliografie
Médium: Kniha
Jazyk:španělština
Vydáno: Madrid Aguilar 1969
Edice:Colección Obras Eternas
Témata:
Tagy: Přidat tag
Žádné tagy, Buďte první, kdo vytvoří štítek k tomuto záznamu!

MARC

LEADER 00000nam a2200000 a 4500
001 UCO5066
003 CL-VaPUC
008 000825e19690000SP |||||||||||||||||spa|d
082 0 4 |a 892.703  |b LIB  |2 21 
245 1 0 |a Libro de las mil y una noches 
300 |a v 
942 |c BK 
945 |d 20000825 00:00:00  |a crobeson 
260 |a Madrid  |b Aguilar  |c 1969 
650 7 |a CUENTOS ARABES  |2 CL-VaPUC  |9 326580 
650 7 |a CUENTOS ORIENTALES  |2 CL-VaPUC  |9 406400 
650 7 |a LITERATURA ARABE  |2 CL-VaPUC  |9 323185 
583 |a last modification  |c 20000825 00:00:00  |k Rodrigo Vera 
490 0 |a Colección Obras Eternas 
999 |c 291020  |d 291018 
952 |0 0  |1 0  |4 0  |6 892_703000000000000_LIB_1969  |7 0  |8 A  |9 340654  |a BIBART  |b BIBART  |d 2019-11-20  |h v.2  |i 1218530  |o 892.703 LIB 1969  |p 1218530  |r 2025-03-13  |w 2019-11-20  |y BK  |k ART 
952 |0 0  |1 0  |4 0  |6 892_703000000000000_LIB_1969  |7 0  |8 A  |9 340655  |a BIBART  |b BIBART  |d 2019-11-20  |h v.3  |i 1218549  |o 892.703 LIB 1969  |p 1218549  |r 2025-03-13  |w 2019-11-20  |y BK  |k ART